Statistics for Actor Decades: 1970s

Click here to take the quiz!

General Stats

  • This quiz has been taken 83 times
  • The average score is 8 of 13

Answer Stats

Answer% Correct
Leonardo DiCaprio
97%
Dwayne Johnson
95%
Matt Damon
95%
Reese Witherspoon
77%
Bradley Cooper
71%
Idris Elba
68%
Benedict Cumberbatch
67%
Charlize Theron
57%
Chris Pratt
55%
Uma Thurman
43%
Tom Hardy
35%
Zoe Saldana
23%
Evangeline Lilly
8%

Score Distribution

Percentile by Number Answered

Percent of People with Each Score

Your Score History

You have not taken this quiz